Entrepreneurship and small scale industries : (Record no. 127248)

MARC details
000 -LEADER
fixed length control field 00805nam a22002417a 4500
005 - DATE AND TIME OF LATEST TRANSACTION
control field 20170124110022.0
010 ## - LIBRARY OF CONGRESS CONTROL NUMBER
LC control number A-991910
020 ## - INTERNATIONAL STANDARD BOOK NUMBER
Terms of availability 00.00
International Standard Book Number 8176291064
035 ## - SYSTEM CONTROL NUMBER
System control number A-991910
037 ## - SOURCE OF ACQUISITION
Source of stock number/acquisition Cen Lib/Ret
040 ## - CATALOGING SOURCE
Original cataloging agency DPL
Language of cataloging EN
082 ## - DEWEY DECIMAL CLASSIFICATION NUMBER
Classification number 338.04
Item number ENT
245 ## - TITLE STATEMENT
Title Entrepreneurship and small scale industries :
Statement of responsibility, etc edited by G.S. Batra [and] R.C. Dangwal
Remainder of title new potenial /
260 ## - PUBLICATION, DISTRIBUTION, ETC. (IMPRINT)
Place of publication, distribution, etc New Delhi
Name of publisher, distributor, etc Deep & Deep Publcations
Date of publication, distribution, etc 2000
270 ## - ADDRESS
Address F-159, rajouri garden
City New Delhi
Postal code 110027
300 ## - PHYSICAL DESCRIPTION
Extent xii, 204p.
Dimensions 21cm(Hb)
500 ## - GENERAL NOTE
General note includes bibliographical references and index
650 ## - SUBJECT ADDED ENTRY--TOPICAL TERM
Topical term or geographic name as entry element Economic development
9 (RLIN) 1481
650 ## - SUBJECT ADDED ENTRY--TOPICAL TERM
Topical term or geographic name as entry element Small scale industries
9 (RLIN) 19901
700 ## - ADDED ENTRY--PERSONAL NAME
Personal name Batra, G.S.
9 (RLIN) 7837
700 ## - ADDED ENTRY--PERSONAL NAME
Personal name Dangwal, R.C.
9 (RLIN) 8143
942 ## - ADDED ENTRY ELEMENTS (KOHA)
Source of classification or shelving scheme Dewey Decimal Classification
Koha item type English Books
Classification part 338.04
Call number suffix ENT
Holdings
Withdrawn status Lost status Damaged status Not for loan Home library Current library Date acquired Source of acquisition Cost, normal purchase price Total Checkouts Full call number Barcode Date last seen Copy number Cost, replacement price Price effective from Koha item type
        Central Library Central Library 29/06/2015 Cen Lib/Ret 0.00   338.04 ENT A-991910 29/06/2015 1 0.00 29/06/2015 English Books

© Delhi Public Library
Hit Counter
free hit counter